Bundeskanzler - Statistiken

Allgemein
  • Dieses Quiz wurde 260 mal gespielt
    93 seit der letzten Aktualisierung
  • Das Durchschnittsergebnis liegt bei 7 aus 10
Antwortstatistiken
Amtszeit Kanzler/in % Korrekt
1949 - 1963 Konrad Adenauer
89%
2005 - 2021 Angela Merkel
86%
2021 - 2025 Olaf Scholz
77%
2025 - heute Friedrich Merz
73%
1974 - 1982 Helmut Schmidt
72%
1969 - 1974 Willy Brandt
70%
1982 - 1998 Helmut Kohl
64%
1998 - 2005 Gerhard Schröder
59%
1963 - 1966 Ludwig Erhard
48%
1966 - 1969 Kurt Georg Kiesinger
42%
Keine übereinstimmenden Quizze gefunden
Verteilung der Resultate
Anzahl Personen mit jedem Resultat
Perzentil nach korrekt beantworteten Fragen
Ihre Resultats-Entwicklung
Sie haben dieses Quiz seit der letzten Aktualisierung nicht gespielt